000 00646nam a2200229 i 4500
001 C2-0281729
003 PPAK
005 20180728012239.0
008 070829s2004 my |||| ||||| | eng d
040 _aPPAK
_beng
_cPPAK
_erda
082 0 4 _a306.44941
_223
090 0 0 _a306.44941
_bMAR
_dKSS
100 0 _aMarc Cheneaux,
_eauthor
245 1 4 _aThe importance of national languages and their role in nation building
264 1 _aKuala Lumpur :
_c2004
300 _a10 pages ;
_c30 cm
336 _2rdacontent
_atext
337 _2rdamedia
_aunmediated
338 _2rdacarrier
_avolume
650 1 0 _aLanguage policy France
942 _ddc
_cB
999 _c88035
_d88035